[Event "TCh-FRA Top 12 2018"]
[Site "Brest FRA"]
[Date "2018.05.27"]
[Round "2.3"]
[Board "4"]
[White "Villegas, Pierre"]
[Black "Istratescu, Andrei"]
[Result "1/2-1/2"]
[WhiteTitle "FM"]
[BlackTitle "GM"]
[WhiteElo "2345"]
[BlackElo "2589"]
[WhiteTeam "C.E.M.C. Monaco"]
[BlackTeam "MULHOUSE Philidor"]
[WhiteFideId "654183"]
[BlackFideId "1200372"]
[EventDate "2018.05.26"]

1. d4 e6 2. c4 Bb4+ 3. Bd2 Bxd2+ 4. Qxd2 Nf6 5. Nc3 d6 6. Nf3 O-O 7. e3 Qe7 8.
Be2 e5 9. Qc2 c6 10. O-O Bg4 11. Rae1 Nbd7 12. h3 Bh5 13. Nh4 Bxe2 14. Rxe2 g6
15. Nf3 Rfe8 16. dxe5 dxe5 17. Rd1 a5 18. Nd2 Nc5 19. Nde4 Rad8 20. Red2 Rxd2
21. Rxd2 Ncxe4 22. Nxe4 Rd8 23. Qd1 1/2-1/2

[Event "TCh-FRA Top 12 2018"]
[Site "Brest FRA"]
[Date "2018.05.27"]
[Round "2.3"]
[Board "5"]
[White "Riff, Jean-Noel"]
[Black "Nelis, Jean-Francois"]
[Result "1-0"]
[WhiteTitle "GM"]
[WhiteElo "2507"]
[BlackElo "2141"]
[WhiteTeam "MULHOUSE Philidor"]
[BlackTeam "C.E.M.C. Monaco"]
[WhiteFideId "611190"]
[BlackFideId "623830"]
[EventDate "2018.05.26"]

1. d4 e6 2. Nf3 c5 3. e4 cxd4 4. Nxd4 a6 5. Be2 Nf6 6. Nc3 Qc7 7. O-O d6 8. f4
Be7 9. Kh1 Nbd7 10. Bf3 h6 11. a4 g5 12. f5 e5 13. Nb3 b6 14. Be3 Bb7 15. Nc1
Rc8 16. Nd3 Rg8 17. Nf2 Qb8 18. Qe2 Qa8 19. Rad1 g4 20. Nxg4 Nxg4 21. Bxg4 Nf6
22. Bf3 Nxe4 23. Nxe4 Bxe4 24. Bxb6 Bxf3 25. Rxf3 Qc6 26. Rc3 Qb7 27. Qf3 Qb8
28. Rxc8+ 1-0

[Event "TCh-FRA Top 12 2018"]
[Site "Brest FRA"]
[Date "2018.05.27"]
[Round "2.3"]
[Board "6"]
[White "Ribbegren, Karl Johan"]
[Black "Burri, Quentin"]
[Result "0-1"]
[BlackTitle "FM"]
[WhiteElo "2222"]
[BlackElo "2434"]
[WhiteTeam "C.E.M.C. Monaco"]
[BlackTeam "MULHOUSE Philidor"]
[WhiteFideId "5400040"]
[BlackFideId "26028654"]
[EventDate "2018.05.26"]

1. e4 c5 2. Nc3 d6 3. f4 g6 4. Nf3 Bg7 5. Bc4 Nc6 6. O-O Nf6 7. d3 O-O 8. Qe1
Nd4 9. Nxd4 cxd4 10. Ne2 d5 11. exd5 Nxd5 12. Qf2 Nb6 13. Bb3 e6 14. Bd2 a5 15.
a4 Qd6 16. Kh1 Bd7 17. Ng1 Nd5 18. Rae1 Bc6 19. Qh4 Ne7 20. Nf3 Nf5 21. Qf2 b6
22. Ng5 Rae8 23. Ne4 Qd7 24. Ra1 Kh8 25. Rfe1 e5 26. fxe5 Bxe5 27. Re2 Qc7 28.
Ng3 Bxg3 29. Rxe8 Rxe8 30. hxg3 Re2 31. Bf4 Rxf2 32. Bxc7 Rxg2 33. Bxf7 Rxc2+
34. Kg1 Kg7 35. Ba2 Rg2+ 0-1

[Event "TCh-FRA Top 12 2018"]
[Site "Brest FRA"]
[Date "2018.05.27"]
[Round "2.3"]
[Board "7"]
[White "Sokolov, Andrei1"]
[Black "Gadarinian, Caroline"]
[Result "1-0"]
[WhiteTitle "GM"]
[WhiteElo "2489"]
[BlackElo "2007"]
[WhiteTeam "MULHOUSE Philidor"]
[BlackTeam "C.E.M.C. Monaco"]
[WhiteFideId "627089"]
[BlackFideId "642401"]
[EventDate "2018.05.26"]

1. e4 d6 2. d4 Nf6 3. Nc3 c6 4. a4 Qa5 5. Bd3 e5 6. Ne2 Nbd7 7. O-O g6 8. Bd2
Qc7 9. Qc1 Bg7 10. Bh6 O-O 11. Bxg7 Kxg7 12. a5 Re8 13. Re1 d5 14. exd5 Nxd5 15.
Nxd5 cxd5 16. Nc3 Nf6 17. Qg5 exd4 18. Qxf6+ 1-0

[Event "TCh-FRA Top 12 2018"]
[Site "Brest FRA"]
[Date "2018.05.27"]
[Round "2.3"]
[Board "8"]
[White "Van Hoolandt, Patrick"]
[Black "Choisy, Mathilde"]
[Result "0-1"]
[WhiteTitle "FM"]
[BlackTitle "WFM"]
[WhiteElo "2086"]
[BlackElo "2158"]
[WhiteTeam "C.E.M.C. Monaco"]
[BlackTeam "MULHOUSE Philidor"]
[WhiteFideId "200999"]
[BlackFideId "634565"]
[EventDate "2018.05.26"]

1. d4 Nf6 2. c4 g6 3. Nc3 Bg7 4. Nf3 O-O 5. g3 d6 6. Bg2 c5 7. O-O Nc6 8. d5 Na5
9. Nd2 a6 10. Qc2 Rb8 11. a4 Bd7 12. Rb1 b5 13. axb5 axb5 14. cxb5 Bxb5 15. b4
cxb4 16. Rxb4 Ba6 17. Rxb8 Qxb8 18. Qa4 Qc7 19. Bb2 Rb8 20. Ba1 Nd7 21. Rc1 Nc5
22. Qa3 Ncb3 23. Rb1 Nxd2 24. Rxb8+ Qxb8 25. h4 Nab3 26. Bb2 Nc4 27. Qxa6 Nxb2
28. Ne4 Bd4 29. Ng5 Nc5 30. Qa2 Nd1 31. e3 Bf6 32. Nh3 Nc3 33. Qc2 0-1

[Event "TCh-FRA Top 12 2018"]
[Site "Brest FRA"]
[Date "2018.05.27"]
[Round "2.4"]
[Board "1"]
[White "Kryvoruchko, Yuriy"]
[Black "Donchenko, Alexander"]
[Result "1/2-1/2"]
[WhiteTitle "GM"]
[BlackTitle "GM"]
[WhiteElo "2705"]
[BlackElo "2587"]
[WhiteTeam "GRASSE Echecs"]
[BlackTeam "VANDOEUVRE-Echecs"]
[WhiteFideId "14109182"]
[BlackFideId "24603295"]
[EventDate "2018.05.26"]

1. e4 c6 2. d4 d5 3. e5 Bf5 4. Nf3 e6 5. Be2 Ne7 6. c3 h6 7. O-O Nd7 8. Nbd2 a5
9. Ne1 a4 10. Bd3 c5 11. Ndf3 g5 12. Bb5 Nc6 13. dxc5 Qa5 14. Nd4 Bg6 15. Nec2
Bxc2 16. Qxc2 Bxc5 17. Bxc6 bxc6 18. f4 Qb6 19. Kh1 Be7 20. f5 Nf8 21. Be3 c5
22. Ne2 Nd7 23. fxe6 Qxe6 24. Ng3 Nxe5 25. Nf5 O-O 26. Rae1 Rfe8 27. Bxc5 Bxc5
28. Rxe5 Qc6 29. Qe2 Bf8 30. Re1 Rxe5 31. Qxe5 a3 32. bxa3 Rxa3 33. Qb8 Qxc3 34.
Rb1 Qc5 35. Nxh6+ Kg7 36. Qe5+ Kxh6 37. Qf6+ Kh7 38. Qxf7+ Kh8 39. Qh5+ Kg8 40.
Qxg5+ Kf7 41. Rf1+ Ke8 42. Qg6+ Kd7 43. Qf5+ Kc7 44. Qxf8 Qxf8 45. Rxf8 Rxa2 46.
Kg1 Kd6 47. h4 d4 48. h5 Ra5 49. h6 Rh5 50. Rh8 Ke7 51. g4 d3 52. Kf2 Rh2+ 53.
Ke1 Kf6 54. Rg8 Rxh6 55. g5+ Kf7 56. gxh6 Kxg8 57. Kd2 Kh7 58. Kxd3 Kxh6 59. Kd4 1/2-1/2

[Event "TCh-FRA Top 12 2018"]
[Site "Brest FRA"]
[Date "2018.05.27"]
[Round "2.4"]
[Board "2"]
[White "Hamitevici, Vladimir"]
[Black "Kuzubov, Yuriy"]
[Result "1/2-1/2"]
[WhiteTitle "GM"]
[BlackTitle "GM"]
[WhiteElo "2508"]
[BlackElo "2663"]
[WhiteTeam "VANDOEUVRE-Echecs"]
[BlackTeam "GRASSE Echecs"]
[WhiteFideId "13902393"]
[BlackFideId "14112906"]
[EventDate "2018.05.26"]

1. Nf3 d5 2. c4 d4 3. b4 g6 4. g3 Bg7 5. Bg2 e5 6. O-O e4 7. Ne1 e3 8. Nd3 exf2+
9. Nxf2 Nh6 10. a4 Nd7 11. a5 Rb8 12. Na3 Ne5 13. Bb2 O-O 14. Qb3 Be6 15. Rae1
b5 16. axb6 axb6 17. b5 Re8 18. d3 Nf5 19. Nc2 h5 20. Bc1 h4 21. g4 Ne3 22. Bxe3
dxe3 23. Nxe3 h3 24. Bxh3 Qg5 25. Ng2 Nxg4 26. Bxg4 Bxg4 27. Nxg4 Qxg4 28. e3
Re5 29. Qd1 Qd7 30. d4 Re4 31. Rf4 Rbe8 32. Rxe4 Rxe4 33. Qf3 f5 34. Ra1 Qe6 35.
Qg3 Rg4 36. Ra8+ Bf8 37. Qf3 Qxc4 38. Qc6 Qb3 39. Re8 Qd1+ 40. Kf2 Qd2+ 41. Kf1
Qd3+ 42. Kf2 Qd2+ 43. Kf1 Kg7 44. h3 Qd3+ 45. Kf2 Qd2+ 46. Kf1 Qd3+ 47. Kf2 Qd2+
48. Kf1 Qd3+ 1/2-1/2

[Event "TCh-FRA Top 12 2018"]
[Site "Brest FRA"]
[Date "2018.05.27"]
[Round "2.4"]
[Board "3"]
[White "Hera, Imre Jr."]
[Black "Solodovnichenko, Yuri"]
[Result "1/2-1/2"]
[WhiteTitle "GM"]
[BlackTitle "GM"]
[WhiteElo "2620"]
[BlackElo "2531"]
[WhiteTeam "GRASSE Echecs"]
[BlackTeam "VANDOEUVRE-Echecs"]
[WhiteFideId "716855"]
[BlackFideId "14104369"]
[EventDate "2018.05.26"]

1. c4 Nf6 2. d4 c6 3. Nc3 d5 4. cxd5 cxd5 5. Bf4 Nc6 6. e3 Bf5 7. Nf3 e6 8. Rc1
a6 9. Qb3 Qd7 10. Be2 Be7 11. Ne5 Nxe5 12. Bxe5 O-O 13. Na4 Rfc8 14. O-O Rxc1
15. Rxc1 Rc8 16. Rxc8+ Qxc8 17. Nc5 Bxc5 18. dxc5 Nd7 19. Bd6 Qc6 20. Qa3 f6 21.
b4 h6 22. f3 Ne5 23. Qb3 Nc4 24. Bxc4 dxc4 25. Qxc4 Qd5 26. Qxd5 exd5 27. Kf2
Bd7 28. g4 g6 29. Kg3 Kf7 30. Bf4 h5 31. gxh5 gxh5 32. Bc7 Ba4 33. Kf4 Ke6 34.
Bb6 Bd1 35. e4 dxe4 36. fxe4 Ba4 37. Bc7 Bc6 38. Bd6 Be8 39. Bf8 Bc6 40. Bg7 Kf7 1/2-1/2

[Event "TCh-FRA Top 12 2018"]
[Site "Brest FRA"]
[Date "2018.05.27"]
[Round "2.4"]
[Board "4"]
[White "Bailet, Pierre"]
[Black "Dorfman, Iossif"]
[Result "1/2-1/2"]
[WhiteTitle "IM"]
[BlackTitle "GM"]
[WhiteElo "2501"]
[BlackElo "2547"]
[WhiteTeam "VANDOEUVRE-Echecs"]
[BlackTeam "GRASSE Echecs"]
[WhiteFideId "655830"]
[BlackFideId "604011"]
[EventDate "2018.05.26"]

1. e4 e5 2. Nf3 Nc6 3. Bb5 Nf6 4. d3 d6 5. O-O Be7 6. c4 O-O 7. h3 Nd4 8. Nxd4
exd4 9. Nd2 Nd7 10. Nf3 Bf6 11. Bxd7 Bxd7 12. b4 c5 13. Bf4 Be7 14. Rb1 b6 15.
Qd2 Bc6 16. Rfe1 Qd7 17. bxc5 bxc5 18. Kh2 Rfb8 19. Qe2 f6 20. Bg3 Rb6 21. Nh4
g6 22. f4 Rab8 23. Rxb6 Rxb6 24. e5 f5 25. Nf3 Bxf3 26. Qxf3 Qb7 27. Qf2 d5 28.
cxd5 Qxd5 29. Bh4 Bf8 30. Qc2 Qe6 31. Rb1 h6 32. a4 g5 33. Bg3 Be7 34. Rf1 Kf7
35. Qe2 Kg6 36. Qf3 Qc6 37. Qf2 Qe6 38. Qf3 Qc6 39. Qf2 Qe6 40. Qf3 1/2-1/2

[Event "TCh-FRA Top 12 2018"]
[Site "Brest FRA"]
[Date "2018.05.27"]
[Round "2.4"]
[Board "5"]
[White "Sebag, Marie"]
[Black "Cossin, Sebastien"]
[Result "1/2-1/2"]
[WhiteTitle "GM"]
[BlackTitle "IM"]
[WhiteElo "2486"]
[BlackElo "2498"]
[WhiteTeam "GRASSE Echecs"]
[BlackTeam "VANDOEUVRE-Echecs"]
[WhiteFideId "617822"]
[BlackFideId "618802"]
[EventDate "2018.05.26"]

1. e4 c5 2. Nf3 d6 3. Bb5+ Nc6 4. O-O Bd7 5. Re1 Nf6 6. c3 a6 7. Bf1 Bg4 8. h3
Bh5 9. g4 Bg6 10. d4 cxd4 11. cxd4 d5 12. exd5 Nxd5 13. Nc3 e6 14. Nxd5 Qxd5 15.
Bg2 O-O-O 16. Ne5 Qxd4 17. Qf3 Qb4 18. Bf4 Nxe5 19. Bxe5 Bd6 20. Bxg7 Rhg8 21.
Bc3 Qb5 22. a4 Qc6 23. Qxc6+ bxc6 24. Bf6 Rd7 25. Bxc6 Rc7 26. Bg2 h5 27. Rac1
Bf4 28. Rxc7+ Kxc7 29. Be5+ Bxe5 30. Rxe5 hxg4 31. hxg4 Rb8 32. Rc5+ Kd6 33.
Rc6+ Ke5 34. Rxa6 Rxb2 35. Ra5+ Kf4 36. Rb5 Ra2 37. Rb4+ Kg5 38. Bc6 e5 39. Kg2
Kh4 40. Bd5 Ra3 41. Bb3 e4 42. Bd5 e3 43. fxe3 Rxe3 44. Kf2 Ra3 45. Bc6 f6 46.
Rd4 Kg5 47. Bd7 Bf7 48. Rd6 Bc4 49. Rb6 Bd3 50. Rb4 f5 51. gxf5 Bxf5 52. Rb5
Rxa4 53. Rxf5+ Kg6 54. Rd5 Ra3 55. Bf5+ Kf6 56. Bd3 Ke6 57. Rd4 Ke5 58. Ke3 Ra1
59. Rh4 Re1+ 60. Be2 Kd5 61. Rh5+ Kd6 62. Kd3 Ra1 63. Kd4 Re1 64. Rh6+ Ke7 65.
Bc4 Rd1+ 66. Kc5 Rc1 67. Re6+ Kf8 68. Rc6 Ke7 69. Ra6 Rd1 70. Bd5 Rd2 71. Re6+
Kf8 72. Kd6 Kg7 73. Ke5 Re2+ 74. Be4 Re1 75. Re7+ Kf8 76. Ra7 Ke8 77. Kd5 Kf8
78. Bf5 Re7 79. Ra1 Re2 80. Bd3 Re3 81. Be4 Ke7 82. Ke5 Re2 83. Rh1 Re3 84. Rh7+
Ke8 85. Kd5 Kf8 86. Kd4 Re1 87. Bd5 Re7 88. Rh4 Re1 89. Rf4+ Ke7 90. Kc5 Rc1+
91. Bc4 Rc2 92. Rf7+ Ke8 93. Rc7 Kd8 94. Rh7 Ke8 95. Kd5 Rc1 96. Ke6 Re1+ 97.
Kd6 Kf8 98. Rf7+ Ke8 99. Rg7 Rd1+ 100. Bd5 Rf1 101. Rg8+ Rf8 102. Rg4 Rf1 103.
Ke6 1/2-1/2

[Event "TCh-FRA Top 12 2018"]
[Site "Brest FRA"]
[Date "2018.05.27"]
[Round "2.4"]
[Board "6"]
[White "Nezar, Mustapha"]
[Black "Libiszewski, Fabien"]
[Result "1-0"]
[WhiteTitle "IM"]
[BlackTitle "GM"]
[WhiteElo "2326"]
[BlackElo "2504"]
[WhiteTeam "VANDOEUVRE-Echecs"]
[BlackTeam "GRASSE Echecs"]
[WhiteFideId "608637"]
[BlackFideId "616834"]
[EventDate "2018.05.26"]

1. e4 e6 2. d4 d5 3. Nd2 Nf6 4. e5 Nfd7 5. c3 c5 6. Bd3 Nc6 7. Ne2 cxd4 8. cxd4
f6 9. exf6 Qxf6 10. Nf3 h6 11. O-O Bd6 12. Be3 O-O 13. Nc3 Rd8 14. Rc1 Nf8 15.
Qd2 Bd7 16. Bb5 a6 17. Be2 Ne7 18. Ne1 Nf5 19. f4 Ng6 20. g3 Nxe3 21. Qxe3 Ne7
22. Nf3 Nf5 23. Qd2 Bb8 24. Kh1 Ba7 25. Rcd1 Bc6 26. g4 Nd6 27. g5 Qf5 28. gxh6
Ne4 29. Qe3 Qh3 30. Rg1 Qxh6 31. Ne5 Rf8 32. Rdf1 Rae8 33. Bxa6 Nd6 34. Ne2 Nc4
35. Bxc4 dxc4+ 36. Nxc6 bxc6 37. Qe4 Re7 38. Qxc6 Rb8 39. Qxc4 Rxb2 40. Rg2 Qh5
41. f5 Rbb7 42. fxe6 Qb5 43. Qxb5 Rxb5 44. Nc3 Ra5 45. d5 Bd4 46. Re2 1-0

[Event "TCh-FRA Top 12 2018"]
[Site "Brest FRA"]
[Date "2018.05.27"]
[Round "2.4"]
[Board "7"]
[White "Apicella, Manuel"]
[Black "Iglesias, Joachim"]
[Result "1/2-1/2"]
[WhiteTitle "GM"]
[WhiteElo "2513"]
[BlackElo "2249"]
[WhiteTeam "GRASSE Echecs"]
[BlackTeam "VANDOEUVRE-Echecs"]
[WhiteFideId "600164"]
[BlackFideId "637823"]
[EventDate "2018.05.26"]

1. e4 d6 2. d4 Nf6 3. Nc3 g6 4. Be3 c6 5. Qd2 Nbd7 6. f3 b5 7. Nh3 Nb6 8. Nf2
Bg7 9. a4 Nc4 10. Bxc4 bxc4 11. O-O O-O 12. Bh6 Bxh6 13. Qxh6 Qb6 14. Qd2 e5 15.
dxe5 dxe5 16. a5 Qb4 17. Rfd1 Be6 18. Ra4 Qc5 19. Qd6 Nd7 20. Qxc5 Nxc5 21. Rb4
Rab8 22. Rxb8 Rxb8 23. Rb1 f5 24. Kf1 Kf7 25. Ke2 Ke7 26. g3 Bf7 27. exf5 gxf5
28. f4 exf4 29. gxf4 Kf6 30. Kd2 Rd8+ 31. Ke3 Re8+ 32. Kd2 Rd8+ 33. Ke3 Re8+ 34.
Kd2 1/2-1/2

[Event "TCh-FRA Top 12 2018"]
[Site "Brest FRA"]
[Date "2018.05.27"]
[Round "2.4"]
[Board "8"]
[White "Steil-Antoni, Fiona"]
[Black "Wirig, Anthony"]
[Result "0-1"]
[WhiteTitle "WIM"]
[BlackTitle "GM"]
[WhiteElo "2200"]
[BlackElo "2504"]
[WhiteTeam "VANDOEUVRE-Echecs"]
[BlackTeam "GRASSE Echecs"]
[WhiteFideId "4001249"]
[BlackFideId "615013"]
[EventDate "2018.05.26"]

1. e4 c5 2. Nc3 e6 3. g3 Nc6 4. Bg2 Nf6 5. f4 d5 6. d3 Be7 7. Nf3 dxe4 8. dxe4
Qxd1+ 9. Kxd1 O-O 10. h3 Rd8+ 11. Ke2 Nd4+ 12. Nxd4 cxd4 13. Nd1 Bd7 14. Bd2 Bc6
15. Nf2 Nh5 16. Kf3 f5 17. Rhe1 Nf6 18. g4 Nxe4 19. Nxe4 Bh4 20. Rg1 fxe4+ 21.
Ke2 Rac8 22. Rac1 Bb5+ 23. Kd1 Bf2 24. Rh1 e3 25. Be1 e2+ 26. Kd2 Be3# 0-1

[Event "TCh-FRA Top 12 2018"]
[Site "Brest FRA"]
[Date "2018.05.27"]
[Round "2.5"]
[Board "1"]
[White "David, Alberto"]
[Black "Moussard, Jules"]
[Result "1/2-1/2"]
[WhiteTitle "GM"]
[BlackTitle "GM"]
[WhiteElo "2563"]
[BlackElo "2570"]
[WhiteTeam "Les Tours de Haute Picardie, SAINT QUENTIN"]
[BlackTeam "Evry Grand Roque"]
[WhiteFideId "4000013"]
[BlackFideId "642908"]
[EventDate "2018.05.26"]

1. e4 g6 2. d4 Bg7 3. Nf3 d6 4. c3 Nf6 5. Bd3 O-O 6. O-O Nc6 7. Re1 e5 8. h3 Re8
9. Nbd2 a5 10. a4 exd4 11. cxd4 Nb4 12. Bb1 b6 13. Nf1 Bb7 14. Ng3 c5 15. Bf4 d5
16. e5 Nd7 17. Ra3 cxd4 18. Nxd4 Qh4 19. Be3 Nxe5 20. Ndf5 Qd8 21. Nxg7 Kxg7 22.
Bd4 f6 23. Rae3 Qd7 24. f4 Nf7 25. Bxf6+ Kg8 26. Bc3 Rxe3 27. Rxe3 d4 28. Qxd4
Qxd4 29. Bxd4 Rd8 30. Bc3 Nd5 31. Re1 Nxc3 32. bxc3 Bd5 33. f5 Kg7 34. Bc2 Bc4
35. Ne4 Ne5 36. Rb1 Bd3 37. Bxd3 Rxd3 38. Rxb6 Re3 39. Nd6 Rxc3 40. Rb5 Nc6 41.
Rd5 Ra3 42. Rc5 Nd4 43. Rxa5 Ra2 44. Ra7+ Kf6 45. Ne4+ Kxf5 46. Nc3 Ra3 47. Rd7
Ne6 48. Rf7+ Ke5 49. Rf3 Ra1+ 50. Rf1 Ra3 51. Re1+ Kf5 52. Re3 Ra1+ 53. Kh2 g5
54. Nd5 Nc5 55. g4+ Kg6 56. Rc3 Ra2+ 57. Kg1 Nxa4 58. Rc6+ Kg7 59. Nc7 Ra3 60.
Ra6 Ra1+ 61. Kf2 Ra2+ 62. Ke3 Nc3 63. Rc6 Nd1+ 64. Kd4 Nf2 65. Ne6+ Kf6 66. Nf4+
Kf7 67. Rc7+ Kf6 68. Nd5+ Kg6 69. Rc6+ Kg7 70. Rc3 Kg6 71. Rc6+ Kg7 72. Rc3 Kg6
73. Ne7+ Kf6 74. Nf5 Ra4+ 75. Kd5 Nxh3 76. Rxh3 Rxg4 77. Nd6 Rh4 78. Re3 g4 79.
Re6+ Kg5 80. Nf7+ Kf4 1/2-1/2

[Event "TCh-FRA Top 12 2018"]
[Site "Brest FRA"]
[Date "2018.05.27"]
[Round "2.5"]
[Board "2"]
[White "Fedorchuk, Sergey A."]
[Black "Chabanon, Jean-Luc"]
[Result "0-1"]
[WhiteTitle "GM"]
[BlackTitle "GM"]
[WhiteElo "2637"]
[BlackElo "2450"]
[WhiteTeam "Evry Grand Roque"]
[BlackTeam "Les Tours de Haute Picardie, SAINT QUENTIN"]
[WhiteFideId "14102536"]
[BlackFideId "600075"]
[EventDate "2018.05.26"]

1. e4 d5 2. exd5 Qxd5 3. Nc3 Qa5 4. d4 Nf6 5. Bd2 Bg4 6. Be2 Bxe2 7. Qxe2 e6 8.
Ne4 Qa6 9. Nxf6+ gxf6 10. c4 Nc6 11. Nf3 O-O-O 12. Bc3 Bb4 13. O-O Bxc3 14. bxc3
Rd5 15. Rfb1 Ra5 16. Rb2 Ra3 17. Qd3 Rd8 18. h3 h6 19. Rab1 b6 20. Rb5 Rxa2 21.
Qe4 Rd6 22. d5 Nd8 23. dxe6 fxe6 24. c5 Rd5 25. Nd4 f5 26. Nxf5 Rxf5 27. Qa8+
Kd7 28. Rd1+ Rd5 29. Rxd5+ exd5 30. Qxd5+ Ke7 31. c6 Ne6 32. Qd7+ Kf6 33. Qd3
Ng7 34. Qd4+ Kg6 35. Qe4+ Kf6 36. Qf4+ Kg6 37. Qg4+ Kf6 38. Rb4 Qd3 39. Rf4+ Nf5
40. Qh5 Ra1+ 41. Kh2 Qb1 42. Qh4+ Ke6 43. Rxf5 Qxf5 44. Qxh6+ Kd5 45. f4 Ke4 0-1

[Event "TCh-FRA Top 12 2018"]
[Site "Brest FRA"]
[Date "2018.05.27"]
[Round "2.5"]
[Board "3"]
[White "Kveinys, Aloyzas"]
[Black "Hauchard, Arnaud"]
[Result "1/2-1/2"]
[WhiteTitle "GM"]
[BlackTitle "GM"]
[WhiteElo "2493"]
[BlackElo "2535"]
[WhiteTeam "Les Tours de Haute Picardie, SAINT QUENTIN"]
[BlackTeam "Evry Grand Roque"]
[WhiteFideId "12800040"]
[BlackFideId "600113"]
[EventDate "2018.05.26"]

1. Nf3 Nf6 2. c4 e6 3. g3 d5 4. Bg2 Be7 5. O-O O-O 6. d4 c6 7. Qc2 b6 8. Rd1
Nbd7 9. cxd5 cxd5 10. Ne5 Bb7 11. Nc6 Bxc6 12. Qxc6 Rc8 13. Qa4 Qc7 14. Nc3 Qb7
15. Qb3 a6 16. a4 Nb8 17. Bd2 Nc6 18. Be1 Na5 19. Qa2 Nc4 20. Rdc1 Nd6 21. e3
Rc7 22. b3 Rfc8 23. Qb2 Nfe4 24. Na2 b5 25. Rxc7 Rxc7 26. axb5 axb5 27. f3 Nf6
28. g4 h5 29. h3 hxg4 30. hxg4 Nd7 31. Rc1 Rc8 32. Rxc8+ Nxc8 33. Nb4 Bd6 34.
Bf1 Na7 35. Qc2 Nb8 36. Kg2 Qe7 37. Nd3 Nbc6 38. Be2 g5 39. Bf2 Kg7 40. Qa2 Qb7
41. Qa1 Ne7 42. Qh1 Ng6 43. Qh5 Qe7 44. Qh1 Qc7 45. Qc1 Qb6 46. Be1 1/2-1/2

[Event "TCh-FRA Top 12 2018"]
[Site "Brest FRA"]
[Date "2018.05.27"]
[Round "2.5"]
[Board "4"]
[White "Brochet, Philippe"]
[Black "Colin, Vincent"]
[Result "1-0"]
[WhiteTitle "IM"]
[BlackTitle "IM"]
[WhiteElo "2409"]
[BlackElo "2386"]
[WhiteTeam "Evry Grand Roque"]
[BlackTeam "Les Tours de Haute Picardie, SAINT QUENTIN"]
[WhiteFideId "602469"]
[BlackFideId "612324"]
[EventDate "2018.05.26"]

1. d4 Nf6 2. Nf3 e6 3. g3 b5 4. e3 c5 5. Bxb5 Qa5+ 6. Nc3 cxd4 7. Nxd4 Bb7 8.
O-O a6 9. Be2 d5 10. Bf3 Nbd7 11. Qe2 Rc8 12. e4 Rxc3 13. bxc3 dxe4 14. Bg2 Qxc3
15. Rb1 Qc7 16. Bd2 Bc5 17. Nb3 O-O 18. Nxc5 Nxc5 19. Bb4 Nfd7 20. Rfd1 Rc8 21.
Qd2 Bd5 22. a3 h6 23. Qd4 a5 24. Be1 Ne5 25. Bxa5 Qxa5 26. Qxe5 Qxa3 27. Rb8
Rxb8 28. Qxb8+ Kh7 29. Qf4 Qc3 30. Qe3 Qb4 31. Bf1 Nd7 32. Qd4 Qb7 33. c4 Bc6
34. Ra1 Qb8 35. Ra6 Ne5 36. Qe3 Qb7 37. Rb6 Qd7 38. Be2 f6 39. Rb1 Qd6 40. h4
Kg6 41. h5+ Kh7 42. c5 Qc7 43. Qb3 Bd5 44. Qb6 Qf7 45. Qd8 Nc6 46. Qc8 f5 47.
Bb5 Ne7 48. Qe8 Qf6 49. Bf1 Nc6 50. Rb6 e3 51. Rxc6 exf2+ 52. Kh2 Bxc6 53. Qxc6
Qf7 54. Qf3 e5 55. g4 f4 56. Qe4+ Kg8 57. Qa8+ 1-0

[Event "TCh-FRA Top 12 2018"]
[Site "Brest FRA"]
[Date "2018.05.27"]
[Round "2.5"]
[Board "5"]
[White "Godart, Francois"]
[Black "Relange, Eloi"]
[Result "1/2-1/2"]
[WhiteTitle "IM"]
[BlackTitle "GM"]
[WhiteElo "2420"]
[BlackElo "2455"]
[WhiteTeam "Les Tours de Haute Picardie, SAINT QUENTIN"]
[BlackTeam "Evry Grand Roque"]
[WhiteFideId "208078"]
[BlackFideId "600822"]
[EventDate "2018.05.26"]

1. d4 Nf6 2. c4 g6 3. g3 Bg7 4. Bg2 O-O 5. Nf3 d6 6. O-O Nbd7 7. Nc3 e5 8. e4 a6
9. h3 b5 10. cxb5 axb5 11. Re1 c6 12. b4 Bb7 13. dxe5 Nxe5 14. Nxe5 dxe5 15. Be3
Ra3 16. Nb1 Qxd1 17. Rxd1 Ra4 18. Bc5 Rfa8 19. Nc3 Ra3 20. Nb1 R3a4 21. Nc3 Ra3
22. Nb1 R3a6 23. Nd2 Bc8 1/2-1/2

[Event "TCh-FRA Top 12 2018"]
[Site "Brest FRA"]
[Date "2018.05.27"]
[Round "2.5"]
[Board "6"]
[White "Oratovsky, Michael"]
[Black "Marcelin, Cyril"]
[Result "1-0"]
[WhiteTitle "GM"]
[BlackTitle "GM"]
[WhiteElo "2456"]
[BlackElo "2462"]
[WhiteTeam "Evry Grand Roque"]
[BlackTeam "Les Tours de Haute Picardie, SAINT QUENTIN"]
[WhiteFideId "2802090"]
[BlackFideId "607274"]
[EventDate "2018.05.26"]

1. e4 c6 2. d4 d5 3. Nd2 dxe4 4. Nxe4 Nf6 5. Nxf6+ exf6 6. c3 Bd6 7. Bd3 O-O 8.
Ne2 Re8 9. O-O Nd7 10. Bf4 Bxf4 11. Nxf4 Nf8 12. d5 cxd5 13. Nxd5 Ng6 14. Ne3
Be6 15. Qc2 Qa5 16. Be4 Re7 17. c4 Rae8 18. Rad1 f5 19. Bxf5 Bxf5 20. Qxf5 Qxa2
21. Qb5 Qa6 22. Qxa6 bxa6 23. Rd6 Rb8 24. Rfd1 h5 25. Rd8+ Re8 26. Rxe8+ Rxe8
27. Kf1 Rb8 28. Rd2 Kf8 29. Ke2 Nf4+ 30. Kd1 Ne6 31. Kc2 Ke8 32. Kc3 Nc5 1-0

[Event "TCh-FRA Top 12 2018"]
[Site "Brest FRA"]
[Date "2018.05.27"]
[Round "2.5"]
[Board "7"]
[White "Cappon, John"]
[Black "Milliet, Sophie"]
[Result "0-1"]
[BlackTitle "IM"]
[WhiteElo "2145"]
[BlackElo "2391"]
[WhiteTeam "Les Tours de Haute Picardie, SAINT QUENTIN"]
[BlackTeam "Evry Grand Roque"]
[WhiteFideId "608459"]
[BlackFideId "623725"]
[EventDate "2018.05.26"]

1. e4 c5 2. Nf3 d6 3. Bb5+ Nd7 4. O-O a6 5. Bxd7+ Bxd7 6. d4 cxd4 7. Qxd4 e5 8.
Qd3 Rc8 9. c4 b5 10. Na3 Qb6 11. Be3 Qb7 12. Nd2 Be7 13. cxb5 axb5 14. Rfc1
Rxc1+ 15. Rxc1 Nf6 16. Nc2 d5 17. exd5 Qxd5 18. Qxd5 Nxd5 19. Nb3 f5 20. Bc5 Nf4
21. Rd1 Bc6 22. Ne3 g6 23. Bd6 Bf6 24. g3 Ne6 25. Nd5 Bg7 26. Nc7+ Nxc7 27. Bxc7
O-O 28. Bb6 Rb8 29. Bc5 Bf3 30. Rd2 Rc8 31. Rc2 Rd8 32. Rd2 Rc8 33. Rc2 e4 34.
Kf1 Bd1 35. Rc1 Bxb3 36. axb3 Bxb2 37. Rc2 Ba3 0-1